The inventions, researches, and writings of Nikola Tesla Thomas Commerford Martin
The Inventions, Researches and Writings of Nikola Tesla is a book compiled and edited by Thomas Commerford Martin detailing the work of Nikola Tesla up to 1893. The book is a comprehensive compilation of Tesla's early work with many illustrations.
Đã lưu trong:
| Príomhúdar: | |
|---|---|
| Formáid: | Leabhar |
| Teanga: | Undetermined |
| Foilsithe: |
New York
Barnes & Noble
1995
|
| Ábhair: | |
| Clibeanna: |
Cuir Clib Leis
Gan Chlibeanna, Bí ar an gcéad duine leis an taifead seo a chlibeáil!
|
| Thư viện lưu trữ: | Trung tâm Học liệu Trường Đại học Cần Thơ |
|---|
| LEADER | 00812nam a2200193Ia 4500 | ||
|---|---|---|---|
| 001 | CTU_228678 | ||
| 008 | 210402s9999 xx 000 0 und d | ||
| 082 | |a 621.3 | ||
| 082 | |b M379 | ||
| 100 | |a Martin, Thomas Commerford | ||
| 245 | 4 | |a The inventions, researches, and writings of Nikola Tesla | |
| 245 | 0 | |b Thomas Commerford Martin | |
| 260 | |a New York | ||
| 260 | |b Barnes & Noble | ||
| 260 | |c 1995 | ||
| 520 | |a The Inventions, Researches and Writings of Nikola Tesla is a book compiled and edited by Thomas Commerford Martin detailing the work of Nikola Tesla up to 1893. The book is a comprehensive compilation of Tesla's early work with many illustrations. | ||
| 650 | |a Kỹ thuật điện,Electrical engineering | ||
| 910 | |b dqhieu | ||
| 980 | |a Trung tâm Học liệu Trường Đại học Cần Thơ | ||